| 000 | 00576nam a22002057a 4500 | ||
|---|---|---|---|
| 003 | IBSLLIB | ||
| 005 | 20260514102736.0 | ||
| 008 | 260514b |||||||| |||| 00| 0 eng d | ||
| 020 | _a1891279122 | ||
| 040 |
_aISBLLIB _beng |
||
| 041 | _hEnglish | ||
| 082 |
_a658.8 _bQUA |
||
| 100 | _aQuain , Bill | ||
| 245 |
_aThe Quixtra Price Is Right : _bThe Relationship Between Prices And Profits - And What It Means To Your Business |
||
| 260 |
_aUSA : _bIINTI Publishing , _c2003 |
||
| 300 |
_a111 P ; _c22 cm |
||
| 653 | _aEducations | ||
| 653 | _aBusiness | ||
| 942 | _cLBK | ||
| 999 |
_c22137 _d22137 |
||